000 00734nam a2200253 a 4500
001 13945
003 BD-RjUL
005 20211208235537.0
008 140203s1960 okua 001 0 eng d
035 _a(BD-RjUL)13997
040 _aANL
_beng
_cANL
_dBD-RjUL
041 _aeng
082 0 4 _a338.176213
_bDEB 1960
100 1 _aDeGraff, Herrell Franklin,
_d1908-
_943599
245 1 0 _aBeef production and distribution /
_cHerrell Franklin DeGraff.
250 _a1st ed.
260 _aNorman :
_bUniversity of Oklahoma Press,
_c1960.
300 _axx, 252 p. :
_bill.;
_c24 cm.
504 _aIncludes index.
650 0 _aCattle trade
_zUnited States.
_943600
942 _2ddc
_cBK
999 _c13945
_d13945